MARC

LEADER 00000nam0a2200000 4500
001 176013
005 20231101223242.0
010 |a 5280010065 
035 |a (RuTPU)RU\TPU\book\190814 
090 |a 176013 
100 |a 20100219d1990 m y0rusy5003 ca 
101 0 |a rus 
102 |a RU 
105 |a ac z 000ab 
200 1 |a Избранные сочинения  |f Г. И. Успенский  |g [сост. Т. Аверьяновой; Вступ. ст. и примеч. Б. Дыхановой; Ил. П. Пинкисевича] 
210 |a Москва  |c Художественная литература  |d 1990 
215 |a 460,[2] с., [8] л. цв. ил.  |d 22 см 
225 1 |a Библиотека классики. Русская литература 
600 1 |a Успенский  |b Г. И.  |c русский писатель  |f 1843-1902  |g Глеб Иванович  |2 stltpush  |3 (RuTPU)RU\TPU\pers\20188  |9 8034 
610 1 |a художественная литература 
610 1 |a русская литература 
610 1 |a рассказы 
610 1 |a очерки 
675 |a Р1  |z rus 
700 1 |a Успенский  |b Г. И.  |c русский писатель  |f 1843-1902  |g Глеб Иванович  |2 stltpush  |3 (RuTPU)RU\TPU\pers\20188  |9 8034 
702 1 |a Андреев  |b Л. Г.  |4 340 
702 1 |a Дыханова  |b Б.  |4 080 
702 1 |a Пинкисевич  |b П. Н.  |4 440 
801 0 |a RU  |b RuMRKP  |c 19950417  |g psbo 
801 1 |a RU  |b 63413507  |c 20100219 
801 2 |a RU  |b 63413507  |c 20180918  |g RCR 
942 |c BK